00722nam a22002057a 450000500170000001000150001702000260003203500140005803700090007208200140008110000290009524500750012426000550019927000470025430000340030176000060033594200280034199900190036995201280038820251119142227.0 aENG-147064 a9789369732821c945.00 aEN-130596 bDBAD a320.4421 aKrishnan, Radhika985695 aShankar Guha Niyogi :bA Politics in Red and Green /cRadhika Krishnan aTelangana bOrient Blackswan Private Limitedc2025 a3-6-752 Himayatnagar ,bHyderabad e500029 axiii,252p.c21.5cm(Pb)bIndex b1 2ddccENh320.44mKRIe1 c213769d213769 001040708NFICaMbMd2025-11-18eDBADg945.00l0o320.44 KRIpEN-130596r2025-11-18 00:00:00t1 v945.00w2025-11-18yEN